00756nam a22002057a 450000500170000000800410001701000150005802000110007303500140008403700130009808200080011110000230011924500670014226000370020927000410024630000880028794200250037599900190040095201310041920240402113221.0090826t xxu||||| |||| 00| 0 eng d aENG-139690 c110.00 aEN-123222 bDBAD/PUB a884 aKanitha. S.963329 aCritical Essays On:bCanadian Feminist Fiction/cBy S. Kanitha bArivu Pathippagamc2009aChennai a142, Jani Jhan Khan Road, Royapettah a249p. c21cm(pbk) 2ddccENh884mKANe1 c201483d201483 00102ddc40708NFICaBNbBNd2024-03-14eDBADg110.00l0o884 KANpEN-123222r2024-03-14 00:00:00t1v110.00w2024-03-14yEN